| 000 | 00606nam a2200229Ia 4500 | ||
|---|---|---|---|
| 003 | OSt | ||
| 005 | 20221006164530.0 | ||
| 006 | a|||||r|||| 00| 0 | ||
| 007 | ta | ||
| 008 | 221006b |||||||| |||| 00| 0 eng d | ||
| 024 | _a3,037 | ||
| 037 | _cTextual | ||
| 040 |
_aFML _cFML _beng |
||
| 041 |
_2eng _aeng |
||
| 082 | _aV2Y7J42, M8 | ||
| 100 |
_aSmith Vincent Au. _9677698 |
||
| 245 | 0 | _aAkbar the Great Mogul (1542-1605) | |
| 260 |
_aDelhi _bVinod Publication _c1988 |
||
| 300 |
_a379 _ccm. |
||
| 942 |
_hV2Y7J42, M8 _cTEXL _2CC |
||
| 999 |
_c1117590 _d1117590 |
||